000 00376nam a22001577a 4500
003 OSt
008 220609b ||||| |||| 00| 0 eng d
082 _a005.133 BAO
100 _aBALAGURUSAMY, E
245 _aObject Oriented Programming with C++
250 _a8th
260 _aNew Delhi
_bMc Graw Hill
_c2021
300 _a679
650 _aB.Tech(CSE)
942 _2ddc
_cBK
999 _c11283
_d11283